KOHA-Header-6

Gilad Kahani : Afaq Siddiqi Ki kahani (Record no. 8796)

000 -LEADER
fixed length control field 00276nam a2200109Ia 4500
100 ## - MAIN ENTRY--AUTHOR NAME
Personal name Irtiza Hussain Gohar
245 #0 - TITLE STATEMENT
Title Gilad Kahani : Afaq Siddiqi Ki kahani
260 ## - PUBLICATION, DISTRIBUTION, ETC. (IMPRINT)
Place of publication Karachi
Name of publisher Al-Anam
Year of publication 1995
300 ## - PHYSICAL DESCRIPTION
Number of Pages 208
942 ## - ADDED ENTRY ELEMENTS (KOHA)
Koha item type Books
Holdings
Withdrawn status Lost status Collection code Permanent Location Current Location Shelving location Date acquired Full call number Accession Number Koha item type
    Urdu Literature MAJU MAJU   2019-09-14 891.439 3803 Urdu Literature

Powered by Koha